[Event "New York Int op 12th"]
[Site "New York"]
[Date "2019.07.10"]
[Round "1"]
[White "Hallaeva, Bahar"]
[Black "Ostrovskiy, Aleksandr A"]
[Result "0-1"]
[WhiteElo "2143"]
[BlackElo "2453"]
[PlyCount "58"]
[EventDate "2019.07.10"]
[EventType "swiss"]
[EventRounds "9"]
[EventCountry "USA"]
[SourceTitle "CBM 191 Extra"]
[Source "ChessBase"]
[SourceDate "2019.09.30"]
[SourceVersion "1"]
[SourceVersionDate "2019.09.30"]
[SourceQuality "1"]

1. e4 c6 2. d4 d5 3. Nd2 dxe4 4. Nxe4 Bf5 5. Ng3 Bg6 6. Nh3 e6 7. Nf4 Qh4 8. c3 Nd7 9. Be3 Ngf6 10. Qd2 Ne4 11. Nxg6 hxg6 12. Nxe4 Qxe4 13. 0-0-0 b5 14. Be2 Qxg2 15. Rhg1 Qd5 16. Rg5 Qxa2 17. Bf3 Rc8 18. d5 cxd5 19. Bxd5 exd5 20. Rxd5 Bb4 21. Bc5 Bxc5 22. Re1+ Kf8 23. Rxd7 Kg8 24. Re5 Bf8 25. Red5 Rxh2 26. Rd8 Rh1+ 27. Kc2 Rxd8 28. Rxd8 Qa4+ 29. Kd3 Rh3+ 0-1

[Event "Sharjah Cup (Women) 9th"]
[Site "Sharjah"]
[Date "2018.12.15"]
[Round "3"]
[White "Hallaeva, Bahar"]
[Black "Khukhashvili, Sopiko"]
[Result "1-0"]
[WhiteElo "2133"]
[BlackElo "2338"]
[PlyCount "81"]
[EventDate "2018.12.14"]
[EventType "swiss"]
[EventRounds "9"]
[EventCountry "UAE"]
[SourceTitle "CBM 187 Extra"]
[Source "ChessBase"]
[SourceDate "2018.11.04"]
[SourceVersion "1"]
[SourceVersionDate "2018.11.04"]
[SourceQuality "1"]

1. e4 e5 2. Nf3 Nc6 3. Bc4 Nf6 4. d3 h6 5. c3 d6 6. Nbd2 g5 7. h3 Bg7 8. Nf1 Ne7 9. Ng3 0-0 10. Bb3 Bd7 11. Be3 Qc8 12. Qd2 Ng6 13. 0-0-0 Be6 14. Bxe6 Qxe6 15. Kb1 d5 16. h4 g4 17. Bxh6 dxe4 18. Bxg7 Kxg7 19. Ng5 Qc6 20. Nf5+ Kh8 21. Ne6 Nf4 22. Nxf4 exf4 23. Qxf4 Nh5 24. Qxg4 Qg6 25. Qxe4 Rfe8 26. Qf3 Re5 27. g4 Rae8 28. Ne3 Ng7 29. h5 Qh6 30. Qxf7 R8e7 31. Qf8+ Kh7 32. Nd5 R7e6 33. f4 Rxd5 34. g5 Rxg5 35. fxg5 Qxg5 36. Rdg1 Rf6 37. Rxg5 Rxf8 38. h6 Ne6 39. Re5 Rf6 40. d4 c6 41. Ree1 1-0

[Event "Olympiad Women-43"]
[Site "Batumi"]
[Date "2018.10.04"]
[Round "10.2"]
[White "Velikic, Adela"]
[Black "Hallaeva, Bahar"]
[Result "1-0"]
[WhiteElo "2339"]
[BlackElo "2098"]
[PlyCount "147"]
[EventDate "2018.09.24"]
[EventType "team-swiss"]
[EventRounds "11"]
[EventCountry "GEO"]
[SourceTitle "EXT 2020"]
[Source "ChessBase"]
[SourceDate "2019.10.17"]
[SourceVersion "1"]
[SourceVersionDate "2019.10.17"]
[SourceQuality "1"]
[WhiteTeam "Serbia (W)"]
[BlackTeam "Turkmenistan (W)"]
[WhiteTeamCountry "SRB"]
[BlackTeamCountry "TKM"]

1. d4 Nf6 2. c4 b6 3. Nc3 Bb7 4. Qc2 d5 5. cxd5 Nxd5 6. e4 Nxc3 7. bxc3 e6 8. Nf3 Be7 9. Bb5+ c6 10. Bd3 c5 11. 0-0 cxd4 12. cxd4 0-0 13. Bb2 Nc6 14. a3 Rc8 15. Qe2 Bf6 16. Rad1 Na5 17. Rfe1 g6 18. Ne5 Qe7 19. Ng4 Bg7 20. d5 e5 21. Ne3 Rfd8 22. Ba6 Bxa6 23. Qxa6 Qb7 24. Qd3 Qd7 25. h3 b5 26. Qd2 Nb7 27. f4 f6 28. fxe5 fxe5 29. Ng4 Qe7 30. a4 b4 31. Rf1 a5 32. Bc1 Nd6 33. Rde1 Rf8 34. Rxf8+ Rxf8 35. Kh1 Rf4 36. Qd3 Rxg4 37. g3 Rg5 38. Bxg5 Qxg5 39. Kh2 Bh6 40. Re2 Qd8 41. Rc2 Bf8 42. Qf3 Qe8 43. Qg4 Qf7 44. Kg2 Qe7 45. h4 Bh6 46. Qe2 Qd7 47. Rc6 Bf8 48. h5 g5 49. h6 Qf7 50. Qg4 Qg6 51. Qe6+ Qxe6 52. dxe6 b3 53. Rb6 b2 54. Rxb2 Bxh6 55. Rb8+ Kg7 56. Rd8 Nxe4 57. e7 Nf6 58. e8Q Nxe8 59. Rxe8 g4 60. Rxe5 Bd2 61. Rd5 Bb4 62. Rg5+ Kf6 63. Rxg4 Kf5 64. Kf3 Be1 65. Rh4 Kg6 66. Kg4 Bf2 67. Rh5 Bxg3 68. Rxa5 Be1 69. Ra6+ Kf7 70. Kf5 h5 71. a5 Bc3 72. Ra7+ Ke8 73. a6 Kd8 74. Rh7 1-0

[Event "Olympiad Women-43"]
[Site "Batumi"]
[Date "2018.09.25"]
[Round "2.1"]
[White "Ushenina, Anna"]
[Black "Hallaeva, Bahar"]
[Result "1/2-1/2"]
[WhiteElo "2451"]
[BlackElo "2098"]
[PlyCount "119"]
[EventDate "2018.09.24"]
[EventType "team-swiss"]
[EventRounds "11"]
[EventCountry "GEO"]
[SourceTitle "EXT 2020"]
[Source "ChessBase"]
[SourceDate "2019.10.17"]
[SourceVersion "1"]
[SourceVersionDate "2019.10.17"]
[SourceQuality "1"]
[WhiteTeam "Ukraine (W)"]
[BlackTeam "Turkmenistan (W)"]
[WhiteTeamCountry "UKR"]
[BlackTeamCountry "TKM"]

1. d4 Nf6 2. c4 b6 3. Nf3 Bb7 4. Nc3 e6 5. a3 Be7 6. d5 d6 7. g3 0-0 8. Bg2 e5 9. 0-0 Nbd7 10. b4 a5 11. Rb1 Re8 12. Ne1 Bf8 13. e4 h6 14. Nc2 g6 15. Ne3 Bg7 16. Qc2 Qe7 17. Bd2 axb4 18. axb4 Reb8 19. Rfc1 Bf8 20. Qd1 Kh7 21. Na4 Qd8 22. Qc2 Ra7 23. Nc3 Rba8 24. Ned1 Ba6 25. Nb2 Qb8 26. h3 Bc8 27. Be3 Be7 28. Nd3 Ba6 29. Ne2 Qf8 30. f4 exf4 31. gxf4 Bc8 32. e5 Nh5 33. Nc3 Ng3 34. Bf2 Nf5 35. Kh2 Ba6 36. Ne4 Qg7 37. Qb2 Bb7 38. exd6 cxd6 39. Qxg7+ Kxg7 40. Nc3 Ba6 41. b5 Bc8 42. Ne4 Ra3 43. Bf1 Nc5 44. Ndxc5 dxc5 45. Bg2 Bd6 46. Nxd6 Nxd6 47. Bh4 Bf5 48. Be7 Ne4 49. d6 Ra2 50. Kg1 Rxg2+ 51. Kxg2 Ra2+ 52. Kf3 Ra3+ 53. Ke2 Rxh3 54. Kf1 Rh2 55. Kg1 Ra2 56. Ra1 Rb2 57. Rcb1 Rc2 58. Rc1 Rb2 59. Rcb1 Rc2 60. Rc1 1/2-1/2

[Event "Asia-chT rapid (Women) 5th"]
[Site "Ashkhabad"]
[Date "2017.09.25"]
[Round "3.2"]
[White "Hallaeva, Bahar"]
[Black "Hotami, Mutriba"]
[Result "1-0"]
[WhiteElo "2060"]
[BlackElo "1823"]
[PlyCount "47"]
[EventDate "2017.09.25"]
[EventType "team-swiss (rapid)"]
[EventRounds "5"]
[EventCountry "TKM"]
[SourceTitle "EXT 2018"]
[Source "ChessBase"]
[SourceDate "2017.10.13"]
[SourceVersion "1"]
[SourceVersionDate "2017.10.13"]
[SourceQuality "1"]
[WhiteTeam "Turkmenistan"]
[BlackTeam "Tajikistan"]
[WhiteTeamCountry "TKM"]
[BlackTeamCountry "TJK"]

1. e4 c5 2. c3 d5 3. exd5 Qxd5 4. d4 cxd4 5. cxd4 Nc6 6. Be3 e5 7. Nc3 Bb4 8. dxe5 Qxe5 9. Qb3 Nd4 10. Qd1 Bxc3+ 11. bxc3 Nf5 12. Nf3 Qxc3+ 13. Bd2 Qc6 14. Rc1 Qe4+ 15. Be2 Nge7 16. 0-0 0-0 17. Re1 Qg4 18. h3 Qg6 19. Bd3 Qd6 20. Qc2 Rd8 21. Be4 h6 22. Qb1 Nd4 23. Bb4 Nxf3+ 24. Bxf3 1-0

[Event "Asian Indoor Games (Women) 5th"]
[Site "Ashkhabad"]
[Date "2017.09.24"]
[Round "7"]
[White "Hallaeva, Bahar"]
[Black "Sultana, Sharmin Shirin"]
[Result "1-0"]
[WhiteElo "2060"]
[BlackElo "1978"]
[PlyCount "87"]
[EventDate "2017.09.21"]
[EventType "swiss"]
[EventRounds "7"]
[EventCountry "TKM"]
[SourceTitle "CBM 180 Extra"]
[Source "ChessBase"]
[SourceDate "2017.10.06"]
[SourceVersion "1"]
[SourceVersionDate "2017.10.06"]
[SourceQuality "1"]

1. e4 c5 2. c3 d5 3. exd5 Qxd5 4. d4 Nf6 5. Nf3 e6 6. Na3 Qd8 7. Nc4 Nc6 8. Nce5 Qc7 9. Bb5 Bd6 10. 0-0 0-0 11. Nxc6 bxc6 12. dxc5 Bxc5 13. Bd3 Bb7 14. Qe2 Rfd8 15. Ne5 h6 16. Bf4 Qe7 17. Rfe1 Bb6 18. Bg3 c5 19. Bh4 Bc7 20. Ng4 Qd6 21. Rad1 Kf8 22. Bxf6 gxf6 23. Be4 Qxd1 24. Rxd1 Rxd1+ 25. Qxd1 Bxe4 26. Qd2 Rd8 27. Qxh6+ Ke7 28. Qxf6+ Ke8 29. Ne3 Rd2 30. c4 a5 31. h4 Bb1 32. h5 Rd4 33. g3 Bd8 34. Qe5 Be7 35. h6 Bd6 36. Qg7 Bf8 37. Qg8 Rd2 38. h7 Bxh7 39. Qxh7 Rxb2 40. a4 Ra2 41. Qb1 Ra3 42. Qb5+ Kd8 43. Qxa5+ Kd7 44. Qa7+ 1-0

[Event "Asian Indoor Games (Women) 5th"]
[Site "Ashkhabad"]
[Date "2017.09.23"]
[Round "6"]
[White "Chuersakul, Sarocha"]
[Black "Hallaeva, Bahar"]
[Result "0-1"]
[WhiteElo "1684"]
[BlackElo "2060"]
[PlyCount "158"]
[EventDate "2017.09.21"]
[EventType "swiss"]
[EventRounds "7"]
[EventCountry "TKM"]
[SourceTitle "CBM 180 Extra"]
[Source "ChessBase"]
[SourceDate "2017.10.06"]
[SourceVersion "1"]
[SourceVersionDate "2017.10.06"]
[SourceQuality "1"]

1. d4 Nf6 2. c4 e6 3. Nf3 b6 4. g3 Ba6 5. Nbd2 c6 6. Bg2 d5 7. b3 Be7 8. Bb2 Nbd7 9. 0-0 Rc8 10. Re1 0-0 11. e4 dxe4 12. Nxe4 Nxe4 13. Rxe4 Nf6 14. Re1 Bb7 15. Ne5 Qc7 16. Qf3 Ba8 17. c5 Nd5 18. Rac1 Bb7 19. Qe2 Rcd8 20. Be4 Bf6 21. Ng4 Qe7 22. f4 g6 23. Kh1 Bg7 24. Bg2 Qc7 25. Ne5 Rfe8 26. a3 Bf8 27. Ng4 Bg7 28. Ne5 Rb8 29. b4 b5 30. Ra1 a5 31. Qd2 a4 32. Qf2 Rbd8 33. Rad1 Bc8 34. Ba1 f6 35. Nf3 Re7 36. Re2 Rde8 37. Rde1 Qd8 38. Nd2 Rf8 39. Bf3 Ree8 40. Bb2 Qd7 41. Ne4 Rd8 42. Nd6 Nc7 43. Qg2 f5 44. Bxc6 Qe7 45. d5 Bxb2 46. Rxb2 Ba6 47. dxe6 Rf6 48. Rbe2 Rb8 49. Qf2 Kg7 50. Qd4 Rd8 51. Qd3 Rb8 52. Qd4 Rd8 53. Qc3 Rb8 54. h3 Kg8 55. Qf3 Kg7 56. Kg2 Kg8 57. g4 fxg4 58. hxg4 Rbf8 59. Re4 Kh8 60. g5 Rxf4 61. Nf7+ R8xf7 62. exf7 Qxg5+ 63. Qg3 Qxg3+ 64. Kxg3 Rxf7 65. Re7 Kg7 66. Rxf7+ Kxf7 67. Bd7 Kf6 68. Kf4 h6 69. Rd1 g5+ 70. Ke4 Ke7 71. c6 h5 72. Bf5 Ne8 73. Rd7+ Kf6 74. c7 Bb7+ 75. Kd4 Kxf5 76. c8Q Bxc8 77. Rd8 Be6 78. Rxe8 h4 79. Rh8 Kf4 0-1

[Event "Asian Indoor Games (Women) 5th"]
[Site "Ashkhabad"]
[Date "2017.09.22"]
[Round "4"]
[White "Shahudha, Mohammed"]
[Black "Hallaeva, Bahar"]
[Result "0-1"]
[WhiteElo "1001"]
[BlackElo "2060"]
[PlyCount "48"]
[EventDate "2017.09.21"]
[EventType "swiss"]
[EventRounds "7"]
[EventCountry "TKM"]
[SourceTitle "CBM 180 Extra"]
[Source "ChessBase"]
[SourceDate "2017.10.06"]
[SourceVersion "1"]
[SourceVersionDate "2017.10.06"]
[SourceQuality "1"]

1. e4 e5 2. Nf3 Nc6 3. Bc4 Nf6 4. d3 Bc5 5. 0-0 0-0 6. Nc3 h6 7. Be3 Bb6 8. d4 exd4 9. Nxd4 Ne5 10. Bb3 d6 11. h3 Re8 12. Re1 Ng6 13. f3 c6 14. Bf2 Nh5 15. Nce2 Qg5 16. Qc1 Ngf4 17. Bg3 Nxe2+ 18. Rxe2 Nxg3 19. Rf2 Bxd4 20. Qxg5 hxg5 21. Re1 d5 22. exd5 Rxe1+ 23. Kh2 Bxf2 24. dxc6 Rh1# 0-1

[Event "Tashkent zt 3.4 (Women)"]
[Site "Tashkent"]
[Date "2017.06.19"]
[Round "4"]
[White "Abdusattorova, Bakhora"]
[Black "Hallaeva, Bahar"]
[Result "1-0"]
[WhiteElo "2204"]
[BlackElo "2072"]
[PlyCount "139"]
[EventDate "2017.06.16"]
[EventType "swiss"]
[EventRounds "9"]
[EventCountry "UZB"]
[SourceTitle "CBM 179 Extra"]
[Source "ChessBase"]
[SourceDate "2017.08.23"]
[SourceVersion "1"]
[SourceVersionDate "2017.08.23"]
[SourceQuality "1"]

1. e4 e5 2. Nf3 Nc6 3. Bb5 Nf6 4. d3 d6 5. c3 Be7 6. Nbd2 0-0 7. 0-0 Re8 8. Re1 a6 9. Ba4 b5 10. Bc2 Bf8 11. Nf1 h6 12. h3 d5 13. Qe2 dxe4 14. dxe4 Be6 15. b3 Qc8 16. Ng3 Qb7 17. Be3 Rad8 18. Bd3 Nd7 19. a4 Rb8 20. axb5 axb5 21. b4 Ne7 22. Ra7 Qc6 23. Rea1 Nc8 24. R7a6 Qb7 25. Nh2 c6 26. Ng4 Qc7 27. Nh5 Rd8 28. f4 f6 29. fxe5 Nxe5 30. Nxe5 fxe5 31. Rf1 Qd7 32. Bb1 Qe8 33. Bxh6 Kh7 34. Bg5 Rd6 35. Qf3 Be7 36. Bxe7 Nxe7 37. Ra7 Rd7 38. Rxd7 Qxd7 39. Ng3 Kg8 40. Qe3 Qc7 41. Qg5 Rf8 42. Nh5 Rxf1+ 43. Kxf1 Nc8 44. Nf6+ Kf8 45. Ng4 Bxg4 46. Qxg4 Nb6 47. Ba2 Qe7 48. Qh5 Qf6+ 49. Ke2 Na4 50. Bb3 Nxc3+ 51. Kd3 Na4 52. Qf5 Nb6 53. Qxf6+ gxf6 54. h4 Kg7 55. Ke3 Kg6 56. Be6 Kh5 57. g3 Kg6 58. Kf3 Kg7 59. Kg4 Kg6 60. h5+ Kg7 61. Kf5 Nc4 62. h6+ Kxh6 63. Kxf6 Nd2 64. Kxe5 Kg5 65. Bd7 c5 66. bxc5 b4 67. Be6 b3 68. c6 Nf3+ 69. Kd6 Nd4 70. Bxb3 1-0

[Event "Tashkent zt 3.4 (Women)"]
[Site "Tashkent"]
[Date "2017.06.16"]
[Round "1"]
[White "Tokhirjonova, Gulruhbegim"]
[Black "Hallaeva, Bahar"]
[Result "1-0"]
[WhiteElo "2293"]
[BlackElo "2072"]
[PlyCount "109"]
[EventDate "2017.06.16"]
[EventType "swiss"]
[EventRounds "9"]
[EventCountry "UZB"]
[SourceTitle "CBM 179 Extra"]
[Source "ChessBase"]
[SourceDate "2017.08.23"]
[SourceVersion "1"]
[SourceVersionDate "2017.08.23"]
[SourceQuality "1"]

1. e4 e5 2. Nf3 Nc6 3. Bb5 Nf6 4. d3 d6 5. c3 Be7 6. Nbd2 0-0 7. 0-0 Re8 8. Re1 a6 9. Ba4 Bf8 10. Nf1 h6 11. Ng3 b5 12. Bb3 Na5 13. Bc2 c5 14. h3 g6 15. Bd2 Bb7 16. a4 Bg7 17. Qc1 Kh7 18. Nh2 d5 19. Ng4 Nxg4 20. hxg4 c4 21. Qd1 dxe4 22. dxe4 Bc6 23. Be3 Qc7 24. Qf3 Kg8 25. Kh2 Nb3 26. Bxb3 cxb3 27. a5 Bd7 28. Qd1 Qd8 29. g5 hxg5 30. Qxb3 g4 31. Rh1 Be6 32. Qc2 Rc8 33. Bb6 Qe7 34. Qd2 Bb3 35. Nf1 Qf6 36. Kg1 Be6 37. Rd1 Bb3 38. Re1 Be6 39. Qd1 Re7 40. Bd8 Rd7 41. Bxf6 Rxd1 42. Rxd1 Bxf6 43. Ne3 Be7 44. Nd5 Bc5 45. Kf1 Kg7 46. Ke2 Rc6 47. Rd2 Rc8 48. Kd1 Rc6 49. Kc2 Bf8 50. b3 Rc8 51. Kb2 Bc5 52. Nb4 Bxb4 53. cxb4 Kf6 54. Rd6 Kg5 55. g3 1-0

[Event "Liberec op 17th"]
[Site "Liberec"]
[Date "2017.02.27"]
[Round "4"]
[White "Hallaeva, Bahar"]
[Black "Petersohn, Horst"]
[Result "1-0"]
[WhiteElo "2112"]
[BlackElo "1781"]
[PlyCount "67"]
[EventDate "2017.02.25"]
[EventType "swiss"]
[EventRounds "9"]
[EventCountry "CZE"]
[SourceTitle "CBM 177 Extra"]
[Source "ChessBase"]
[SourceDate "2017.04.27"]
[SourceVersion "1"]
[SourceVersionDate "2017.04.27"]
[SourceQuality "1"]

1. e4 c5 2. c3 d6 3. d4 cxd4 4. cxd4 e6 5. Nc3 a6 6. a4 Nf6 7. Nf3 Be7 8. Bd3 b6 9. 0-0 Bb7 10. Qe2 Nbd7 11. Bf4 Nh5 12. Be3 Nhf6 13. Rfd1 Qb8 14. Rac1 0-0 15. h3 Re8 16. Nd2 Bf8 17. f4 g6 18. Qf2 Qd8 19. Nf3 Bg7 20. Ng5 h6 21. Nf3 Rc8 22. Kh2 d5 23. e5 Ne4 24. Qe2 Nxc3 25. bxc3 Nb8 26. g4 Qd7 27. Rg1 Qxa4 28. f5 exf5 29. gxf5 g5 30. f6 Bxf6 31. exf6 Qc6 32. Nxg5 Rxe3 33. Ne6+ Kh8 34. Qxe3 1-0

[Event "Wch Blitz (Women)"]
[Site "Doha"]
[Date "2016.12.30"]
[Round "11"]
[White "Hallaeva, Bahar"]
[Black "Zhu, Chen"]
[Result "0-1"]
[WhiteElo "2112"]
[BlackElo "2419"]
[PlyCount "58"]
[EventDate "2016.12.29"]
[EventType "swiss (blitz)"]
[EventRounds "17"]
[EventCountry "QAT"]
[SourceTitle "CBM 176 Extra"]
[Source "ChessBase"]
[SourceDate "2017.03.02"]
[SourceVersion "1"]
[SourceVersionDate "2017.03.02"]
[SourceQuality "1"]

1. e4 c5 2. c3 Nf6 3. e5 Nd5 4. d4 cxd4 5. Nf3 Nc6 6. cxd4 d6 7. Bc4 dxe5 8. dxe5 Ndb4 9. Qb3 e6 10. 0-0 Na5 11. Bb5+ Bd7 12. Qa4 Bxb5 13. Qxb5+ Nac6 14. Nc3 a6 15. Qe2 Qd3 16. Bf4 Qxe2 17. Nxe2 Nd5 18. Bd2 Bc5 19. Nc3 Rd8 20. Ne4 Be7 21. Rfd1 0-0 22. Nc3 Ndb4 23. Bf4 Nd3 24. Bg3 Nxb2 25. Rdb1 Ba3 26. Bf4 Nb4 27. Ne1 N4d3 28. Nxd3 Nxd3 29. Be3 Bb2 0-1

[Event "Wch Blitz (Women)"]
[Site "Doha"]
[Date "2016.12.29"]
[Round "7"]
[White "Paehtz, Elisabeth"]
[Black "Hallaeva, Bahar"]
[Result "1-0"]
[WhiteElo "2463"]
[BlackElo "2112"]
[PlyCount "62"]
[EventDate "2016.12.29"]
[EventType "swiss (blitz)"]
[EventRounds "17"]
[EventCountry "QAT"]
[SourceTitle "CBM 176 Extra"]
[Source "ChessBase"]
[SourceDate "2017.03.02"]
[SourceVersion "1"]
[SourceVersionDate "2017.03.02"]
[SourceQuality "1"]

1. e4 e5 2. Nf3 Nc6 3. Bc4 Nf6 4. d3 Bc5 5. Bb3 0-0 6. Bg5 h6 7. Bh4 Be7 8. h3 d5 9. Bxf6 Bxf6 10. Bxd5 Ne7 11. Bb3 Ng6 12. g3 c6 13. Nbd2 a5 14. a3 b5 15. Qe2 Be7 16. Nf1 Qb6 17. h4 Bd6 18. Ne3 Bd7 19. a4 Ne7 20. h5 Rac8 21. Nh4 Bc5 22. Nf3 Bd6 23. g4 Kh7 24. g5 Ng8 25. Bxf7 bxa4 26. Nc4 Qc7 27. Bxg8+ Rxg8 28. Rg1 Be6 29. Rxa4 Bb4+ 30. c3 Bxc4 31. dxc4 Be7 1-0

[Event "Wch Rapid (Women)"]
[Site "Doha"]
[Date "2016.12.28"]
[Round "10"]
[White "Hallaeva, Bahar"]
[Black "Sviridova, Vlada"]
[Result "0-1"]
[WhiteElo "2112"]
[BlackElo "2144"]
[PlyCount "222"]
[EventDate "2016.12.26"]
[EventType "swiss (rapid)"]
[EventRounds "12"]
[EventCountry "QAT"]
[SourceTitle "CBM 176 Extra"]
[Source "ChessBase"]
[SourceDate "2017.03.02"]
[SourceVersion "1"]
[SourceVersionDate "2017.03.02"]
[SourceQuality "1"]

1. e4 e6 2. d4 d5 3. e5 c5 4. c3 Qb6 5. Nf3 Nc6 6. a3 c4 7. Nbd2 Na5 8. g3 Bd7 9. h4 h6 10. Bh3 Ne7 11. h5 0-0-0 12. Rb1 Qc7 13. 0-0 Kb8 14. Re1 Nc8 15. Nf1 Nb6 16. Ne3 Be7 17. Ng2 Ba4 18. Qe2 Qc6 19. Be3 Qe8 20. Nd2 Qg8 21. Nf1 Qh7 22. Rbc1 Rde8 23. Nf4 Bd8 24. Nh2 Bg5 25. Ng2 Bd8 26. Rf1 g5 27. Ng4 Nd7 28. Ne1 f5 29. exf6 Nxf6 30. Nxf6 Bxf6 31. Nf3 Nc6 32. Qd2 Qf7 33. Bg4 Ne7 34. Rfe1 Nf5 35. Ne5 Bxe5 36. dxe5 Ng7 37. Qe2 Re7 38. Kg2 b6 39. Bd4 Be8 40. Rh1 Nf5 41. Qd1 Rf8 42. Qd2 Rc7 43. Rcf1 Qe7 44. Qd1 Bd7 45. Qd2 Ba4 46. Rc1 Rf7 47. Rhf1 Rf8 48. Rfe1 Be8 49. Rh1 Kb7 50. Rce1 Ng7 51. Ra1 Bf7 52. a4 a6 53. Qe3 Rc6 54. Rab1 Bg8 55. Ra1 Bh7 56. Qd2 Qf7 57. f3 Bf5 58. Bxf5 Nxf5 59. Qe2 Nxd4 60. cxd4 Qf5 61. Rhf1 Qf7 62. Rh1 Qh7 63. Rhd1 Rc7 64. Ra3 Qf7 65. Rh1 Qf5 66. Rc3 Rg7 67. Qc2 Qf7 68. b3 Qf5 69. bxc4 dxc4 70. Qxf5 Rxf5 71. Rxc4 g4 72. f4 Rd7 73. Kf2 Rff7 74. Ke3 Rd5 75. Ke4 b5 76. axb5 axb5 77. Rb4 Kb6 78. Ra1 Rf5 79. Rh1 Rf8 80. Rb2 Rfd8 81. Rd1 R5d7 82. Rbd2 Rc7 83. f5 exf5+ 84. Kxf5 Rf8+ 85. Kxg4 Rg7+ 86. Kh4 Rf3 87. Rg1 Re3 88. Rgg2 b4 89. Kh3 b3 90. Rdf2 Kb5 91. Rf6 Rc3 92. Rff2 Kc4 93. e6 Re3 94. Re2 Rgxg3+ 95. Rxg3 Rxe2 96. d5 b2 97. Rg1 Kxd5 98. Kg4 Rg2+ 99. Rxg2 b1Q 100. Re2 Qd1 101. Kf3 Qh1+ 102. Kf2 Qh4+ 103. Kf1 Qe7 104. Ke1 Kd4 105. Kf2 Qf6+ 106. Ke1 Qh4+ 107. Kd2 Qg5+ 108. Kd1 Kd3 109. e7 Qg1+ 110. Re1 Qf2 111. Re3+ Qxe3 0-1